[Event "Dimitrovgrad Chmp. 2024 open"]
[Site "Dimitrovgrad"]
[Date "2024.04.06"]
[Round "4"]
[White "Predke, Nikolay"]
[Black "Tyamanov, Andrey"]
[Result "1-0"]
[WhiteElo "1150"]
[BlackElo "1250"]
[PlyCount "82"]

1. e4 e5 2. Nf3 Nc6 3. Bc4 Bc5 4. Nc3 Nf6 5. d3 d6 6. Bg5 Bg4 7. h3 Bxf3 8.
Qxf3 Nd4 9. Qd1 c6 10. Qd2 b5 11. Bb3 a5 12. a4 b4 13. Ne2 Qb6 14. Nxd4 Bxd4
15. Rb1 Bc5 16. c3 h6 17. Bxf6 gxf6 18. O-O Rd8 19. Rfd1 bxc3 20. bxc3 Qa7 21.
d4 exd4 22. cxd4 Bb6 23. Qd3 c5 24. dxc5 Bxc5 25. Qc3 Qe7 26. Qd3 Rg8 27. Qb5+
Rd7 28. Bd5 f5 29. exf5 Qg5 30. Re1+ Kf8 31. Qxd7 Bxf2+ 32. Kxf2 Qd2+ 33. Kg1
Qxd5 34. Re8+ Kg7 35. Rxg8+ Kxg8 36. Rb8+ Kg7 37. Qd8 Qd1+ 38. Kh2 Qe1 39. Qg8+
Kf6 40. Re8 Qa1 41. Qh8+ Kg5 1-0

[Event "Dimitrovgrad Chmp. 2024 open"]
[Site "Dimitrovgrad"]
[Date "2024.04.06"]
[Round "4"]
[White "Kondyurin, Yakov"]
[Black "Ataev, Gasan"]
[Result "1-0"]
[WhiteElo "1000"]
[BlackElo "1055"]
[PlyCount "147"]

1. e4 e5 2. Bc4 Nf6 3. d3 d5 4. exd5 Nxd5 5. Qf3 Be6 6. Nc3 Nxc3 7. Bxe6 Qf6 8.
Bxf7+ Qxf7 9. Qxb7 Qd5 10. Qc8+ Qd8 11. Qxd8+ Kxd8 12. Bg5+ Be7 13. Bxe7+ Kxe7
14. bxc3 Nc6 15. Nf3 Rab8 16. O-O Rhg8 17. Rfe1 Kf6 18. d4 Rge8 19. d5 Na5 20.
Rab1 Rxb1 21. Rxb1 e4 22. Nd4 a6 23. Ne6 Re7 24. Rb4 Ke5 25. Ra4 Kxd5 26. Nxc7+
Rxc7 27. Rxa5+ Kc4 28. Ra3 Rd7 29. Kf1 Rd2 30. Rxa6 Kxc3 31. Rc6+ Kb2 32. a4
Rd1+ 33. Ke2 Ra1 34. Rc4 g6 35. Kd2 Rf1 36. Ke3 Re1+ 37. Kd2 Rf1 38. Rxe4 Rxf2+
39. Re2 Rf5 40. Kd3 Ka3 41. Re4 h5 42. g4 hxg4 43. Rxg4 Rh5 44. h4 Rf5 45. c3
Kb3 46. Rb4+ Ka3 47. Rg4 Rh5 48. Kd4 Kxa4 49. c4 Kb4 50. Ke3 Kc5 51. Re4 g5 52.
Re5+ Kxc4 53. hxg5 Rh7 54. Kf4 Kd4 55. Re1 Kd5 56. Kf5 Rh2 57. g6 Rf2+ 58. Kg5
Rg2+ 59. Kf6 Rf2+ 60. Kg7 Kd6 61. Kg8 Kd7 62. Kh7 Rh2+ 63. Kg7 Rg2 64. Rf1 Ke7
65. Re1+ Kd7 66. Kf7 Rf2+ 67. Kg8 Rg2 68. g7 Rg3 69. Re4 Rg2 70. Kf7 Rf2+ 71.
Kg6 Rg2+ 72. Kf6 Rf2+ 73. Kg5 Rg2+ 74. Rg4 1-0

[Event "Dimitrovgrad Chmp. 2024 open"]
[Site "Dimitrovgrad"]
[Date "2024.04.07"]
[Round "5"]
[White "Akimov, Gennadiy"]
[Black "Zaletov, Yuri"]
[Result "1-0"]
[WhiteElo "1923"]
[BlackElo "2119"]
[PlyCount "77"]

1. d4 Nf6 2. Nf3 d5 3. Bg5 Ne4 4. Bf4 g6 5. e3 Bg7 6. Nbd2 Bg4 7. Be2 Nxd2 8.
Qxd2 O-O 9. Qb4 b6 10. c4 c5 11. dxc5 bxc5 12. Qb7 Qa5+ 13. Nd2 Bxe2 14. Kxe2
Na6 15. cxd5 Nb4 16. Nc4 Qa4 17. Rhc1 Rad8 18. e4 Rd7 19. Bc7 f5 20. b3 Qa6 21.
Qxa6 Nxa6 22. Be5 fxe4 23. Bxg7 Kxg7 24. Ne3 Nb4 25. Rc4 Nxd5 26. Nxd5 Rxd5 27.
Rxe4 e5 28. Rc1 Rfd8 29. Rc2 Kf6 30. Rec4 h5 31. Rxc5 Kf5 32. Rxd5 Rxd5 33. f3
g5 34. Rc4 g4 35. b4 a5 36. a3 axb4 37. axb4 Rb5 38. Ke3 Rd5 39. Rc1 1-0

[Event "Dimitrovgrad Chmp. 2024 open"]
[Site "Dimitrovgrad"]
[Date "2024.04.07"]
[Round "5"]
[White "Lazytin, Valeriy"]
[Black "Alachihin, Vladimir"]
[Result "0-1"]
[WhiteElo "1870"]
[BlackElo "2299"]
[PlyCount "62"]

1. c4 Nf6 2. Nc3 g6 3. g3 Bg7 4. Bg2 O-O 5. d4 d6 6. e4 e5 7. Nge2 Be6 8. dxe5
dxe5 9. Qxd8 Rxd8 10. Nd5 Na6 11. Bg5 Bxd5 12. exd5 Nc5 13. O-O-O e4 14. Kc2
Nd3 15. Rhf1 Re8 16. Nc3 Ng4 17. Nxe4 Nxb2 18. Rb1 Nxc4 19. Rxb7 Rab8 20. Rxb8
Rxb8 21. h3 Rb2+ 22. Kc1 Nge5 23. Nd2 Rxa2 24. Nxc4 Nxc4 25. Bf4 Be5 26. Bxe5
Nxe5 27. Kb1 Rd2 28. Kc1 Nc4 29. Be4 Kf8 30. f3 f5 31. Bc2 Rxc2+ 0-1

[Event "Dimitrovgrad Chmp. 2024 open"]
[Site "Dimitrovgrad"]
[Date "2023.04.07"]
[Round "5"]
[White "Bredihin, Dmitriy"]
[Black "Shaykin, Andrey"]
[Result "1-0"]
[WhiteElo "2111"]
[BlackElo "1446"]
[PlyCount "49"]

1. Nf3 Nc6 2. d4 d5 3. c4 Nf6 4. cxd5 Qxd5 5. Nc3 Qd8 6. d5 Nb8 7. e4 e6 8. Bf4
Bb4 9. Qa4+ Qd7 10. Qxb4 exd5 11. exd5 Nxd5 12. Nxd5 Qxd5 13. Rd1 Qe6+ 14. Be2
Nc6 15. Qa3 Bd7 16. Bxc7 Ne7 17. O-O Nd5 18. Bc4 Qc6 19. Rfe1+ Be6 20. Bxd5
Qxc7 21. Bxe6 fxe6 22. Rxe6+ Kf7 23. Ng5+ Kg8 24. Re7 Qc2 25. Qd6 1-0

[Event "Dimitrovgrad Chmp. 2024 open"]
[Site "Dimitrovgrad"]
[Date "2024.04.07"]
[Round "5"]
[White "Beldyugin, Alexey"]
[Black "Volgarev, Denis"]
[Result "1-0"]
[WhiteElo "2143"]
[BlackElo "1930"]
[PlyCount "81"]

1. Nf3 Nf6 2. g3 e6 3. Bg2 d5 4. O-O Be7 5. c4 O-O 6. d4 Nbd7 7. Qc2 c6 8. Bf4
dxc4 9. Qxc4 Nd5 10. Nc3 Nxf4 11. gxf4 Nb6 12. Qb3 Nd5 13. e3 f5 14. Rac1 Rf6
15. Ne2 Qe8 16. Ng3 Kh8 17. a3 Rh6 18. Rc2 Bf6 19. Re1 Qg6 20. Ne5 Bxe5 21.
dxe5 Qe8 22. Rec1 Qd8 23. h3 g5 24. Ne2 gxf4 25. Bxd5 exd5 26. Nxf4 Qg5+ 27.
Kh2 Qe7 28. Nxd5 Qxe5+ 29. Nf4 Rb8 30. Rd2 Be6 31. Qc3 Qxc3 32. Rxc3 Bf7 33.
Rcd3 c5 34. Rd7 Bb3 35. Rc7 Rc6 36. Re7 Bg8 37. Kg3 c4 38. Rdd7 Rb6 39. Nh5
Rxb2 40. Nf6 c3 41. Rxh7+ 1-0

[Event "Dimitrovgrad Chmp. 2024 open"]
[Site "Dimitrovgrad"]
[Date "2023.04.07"]
[Round "5"]
[White "Kuprikov, Alexey"]
[Black "Merzlyakov, Alexandr"]
[Result "1-0"]
[WhiteElo "1416"]
[BlackElo "1000"]
[PlyCount "57"]

1. e4 e5 2. Nf3 Nc6 3. d4 exd4 4. Bc4 d6 5. Ng5 Nh6 6. O-O Qe7 7. Bb5 f6 8. Nf3
Bd7 9. Bxc6 Bxc6 10. Nxd4 Qd7 11. Nc3 O-O-O 12. b4 b6 13. a4 Bb7 14. a5 d5 15.
exd5 Bxb4 16. axb6 Bxc3 17. bxc7 Bxa1 18. cxd8=Q+ Rxd8 19. c4 Bxd4 20. Qxd4 Qc7
21. Bf4 Qe7 22. Qxa7 Qb4 23. Qb8+ Kd7 24. Qc7+ Ke8 25. Qxg7 Nf7 26. Qxf6 Qxc4
27. Re1+ Kd7 28. Qxf7+ Kc8 29. Rc1 1-0

[Event "Dimitrovgrad Chmp. 2024 open"]
[Site "Dimitrovgrad"]
[Date "2024.04.07"]
[Round "5"]
[White "Kiselev, Artem"]
[Black "Predke, Nikolay"]
[Result "1-0"]
[WhiteElo "1476"]
[BlackElo "1150"]
[PlyCount "63"]

1. c4 e5 2. Nc3 Nf6 3. g3 Bc5 4. Bg2 Nc6 5. e3 d6 6. Nge2 O-O 7. O-O Be6 8. b3
d5 9. cxd5 Nxd5 10. Bb2 Nxc3 11. Bxc3 Bb6 12. Qc2 Qd7 13. Rfe1 Bh3 14. Be4 f5
15. Bh1 e4 16. Nf4 Bg4 17. d3 exd3 18. Nxd3 Rad8 19. Nf4 Rfe8 20. h3 g5 21.
Bd5+ Kf8 22. Ne6+ Ke7 23. Nxd8 Kxd8 24. hxg4 f4 25. Rad1 Kc8 26. exf4 Rxe1+ 27.
Bxe1 gxf4 28. Qf5 fxg3 29. Qf8+ Nd8 30. Be6 c6 31. Rxd7 Bc7 32. Rxd8# 1-0

[Event "Dimitrovgrad Chmp. 2024 open"]
[Site "Dimitrovgrad"]
[Date "2024.04.07"]
[Round "5"]
[White "Kondyurin, Yakov"]
[Black "Abramov, Gordey P."]
[Result "0-1"]
[WhiteElo "1000"]
[BlackElo "1512"]
[PlyCount "67"]

1. e4 c5 2. Bc4 d6 3. Qf3 Nf6 4. h3 Nc6 5. Bb5 Bd7 6. Bxc6 Bxc6 7. Nc3 e6 8. d3
Be7 9. Nge2 O-O 10. g4 Nd7 11. h4 Ne5 12. Qh3 d5 13. f4 dxe4 14. Nxe4 f5 15.
Ng5 fxg4 16. Qe3 Bxh1 17. Qxe5 Bxg5 18. hxg5 Qd5 19. Qe3 Rae8 20. Bd2 e5 21. f5
Qf3 22. Ng3 Bg2 23. f6 Qxe3+ 24. Bxe3 gxf6 25. O-O-O b6 26. Nh5 f5 27. Rg1 Bh3
28. Kd2 f4 29. Bf2 g3 30. Be1 Re6 31. Rh1 Bg4 32. Nf6+ Rexf6 33. gxf6 Rxf6 34.
Rg1 0-1

[Event "Dimitrovgrad Chmp. 2024 open"]
[Site "Dimitrovgrad"]
[Date "2024.04.07"]
[Round "5"]
[White "Tyamanov, Andrey"]
[Black "Ataev, Gasan"]
[Result "1/2-1/2"]
[WhiteElo "1250"]
[BlackElo "1055"]
[PlyCount "148"]

1. e4 e5 2. Nf3 Nc6 3. d4 exd4 4. Nxd4 Bc5 5. Be3 Qf6 6. Nxc6 Bxe3 7. fxe3 Qxb2 8. Qd4 Qxd4 9. Nxd4 Nf6 10. Nc3 c6 11. Be2 O-O 12. e5 Nd5 13. Nxd5 cxd5 14. O-O-O Re8 15. Nf3 b6 16. Rxd5 f6 17. Rhd1 Rb8 18. Bc4 Kh8 19. exf6 gxf6 20. Re1 Re4 21. Rd4 Re7 22. Rd6 f5 23. Rf6 Bb7 24. Rxf5 Rc8 25. Bb3 Be4 26. Rg5 h6 27. Rh5 Kg7 28. Nh4 Rf8 29. Bd5 Bh7 30. Kd2
Ree8 31. Bc4 Rc8 32. Bd3 Bg8 33. Nf5+ Kg6 34. Rxh6+ Kg5 35. Rd6 Rxf5 36. Bxf5 Kxf5 37. Rxd7 a5 38. e4+ Ke5 39. a3 Be6 40. Rb7 Rc6 41. h4 Bg4 42. Rh1 Kxe4 43. h5 Rh6 44. c3 Bxh5 45. g4 Rd6+ 46. Kc2 Bxg4 47. Re1+ Kd5 48. Rg7 Bf5+ 49. Kb2 Kc4 50. Rc7+ Kd5 51. Rce7 Kc6 52. Rf7 Rd2+ 53. Ka1 Rf2 54. Rf6+ Kb7 55. Rb1 b5 56. a4 b4 57. cxb4 axb4 58. Rxb4+ Kc7 59. Rh4 Rf1+ 60. Kb2 Rf2+ 61. Kc3 Kd7 62. Rd4+ Ke7 63. Ra6 Rf3+ 64. Kb4 Be6 65. Re4 Rf6 66. a5 Kf7 67. Rexe6 Rxe6 68. Rxe6 Kxe6 69. Kb5 Kd7 70. Kb6 Kc8 71. Ka7 Kc7 72. a6 Kc8 73. Ka8 Kc7 74. a7 Kc8 1/2-1/2

[Event "Dimitrovgrad Chmp. 2024 open"]
[Site "Dimitrovgrad"]
[Date "2023.04.07"]
[Round "6"]
[White "Alachihin, Vladimir"]
[Black "Beldyugin, Alexey"]
[Result "0-1"]
[WhiteElo "2299"]
[BlackElo "2143"]
[PlyCount "80"]

1. d4 d6 2. Nf3 Nd7 3. e4 e5 4. Bc4 c6 5. Nc3 Be7 6. O-O Ngf6 7. Re1 O-O 8. a4
Qc7 9. a5 h6 10. h3 Re8 11. Be3 Nf8 12. d5 Ng6 13. Qd2 Bd7 14. Kh2 Rec8 15. a6
b5 16. dxc6 Bxc6 17. Nxb5 Nxe4 18. Nxc7 Nxd2 19. Nxd2 Rxc7 20. Ra5 Rd8 21. Bd5
Bxd5 22. Rxd5 Rxc2 23. b4 Bg5 24. Ne4 Bxe3 25. Rxe3 Rb2 26. b5 Nf4 27. Rxd6 Ra8
28. g3 Ne6 29. Rd5 Nd4 30. Rxe5 Nxb5 31. Kg2 Nc7 32. Re7 Nd5 33. Nc5 Nxe3+ 34.
Rxe3 Rc8 35. Ne4 Rb6 36. Ra3 Rcc6 37. Rd3 Rxa6 38. Rd8+ Kh7 39. Rd7 f5 40. Nd2
Rd6 0-1

[Event "Dimitrovgrad Chmp. 2024 open"]
[Site "Dimitrovgrad"]
[Date "2023.04.07"]
[Round "6"]
[White "Akimov, Gennadiy"]
[Black "Bredihin, Dmitriy"]
[Result "0-1"]
[WhiteElo "1923"]
[BlackElo "2111"]
[PlyCount "55"]

1. Nf3 d5 2. d4 Nf6 3. c4 c6 4. Nc3 Bf5 5. Qb3 b6 6. cxd5 Nxd5 7. g3 e6 8. e4
Nxc3 9. exf5 Nd5 10. fxe6 Bb4+ 11. Bd2 Bxd2+ 12. Nxd2 fxe6 13. Bh3 Qf6 14. O-O
O-O 15. Rae1 Re8 16. Ne4 Qh6 17. Nd6 Re7 18. Nf5 Qxh3 19. Nxe7+ Nxe7 20. Rxe6
Kf8 21. Rfe1 Qf5 22. Rxe7 Nd7 23. R1e3 Rc8 24. Rxd7 Qxd7 25. Rf3+ Ke8 26. Qg8+
Ke7 27. Rf7+ Ke6 28. Rf8+ 0-1

[Event "Dimitrovgrad Chmp. 2024 open"]
[Site "Dimitrovgrad"]
[Date "2023.04.07"]
[Round "6"]
[White "Zaletov, Yuri"]
[Black "Kuprikov, Alexey"]
[Result "1-0"]
[WhiteElo "2119"]
[BlackElo "1416"]
[PlyCount "119"]

1. e4 e6 2. d4 d5 3. e5 c5 4. c3 Nc6 5. Nf3 Bd7 6. a3 cxd4 7. cxd4 Nge7 8. Nc3
Nf5 9. Be2 Be7 10. O-O O-O 11. b4 a6 12. Bb2 b5 13. Qd2 f6 14. Rfe1 fxe5 15.
dxe5 Be8 16. Rad1 Bh5 17. h3 Bxf3 18. Bxf3 Bg5 19. Qd3 Qb6 20. Nxd5 Qa7 21.
Nf6+ gxf6 22. Bxc6 Rab8 23. Qd7 Qxd7 24. Rxd7 Rf7 25. Red1 Rc8 26. Rd8+ Rxd8
27. Rxd8+ Rf8 28. Rxf8+ Kxf8 29. exf6 Nd6 30. Bd4 Kf7 31. Bc5 Nc4 32. a4 bxa4
33. Bxa4 Bxf6 34. Bc2 a5 35. b5 Bd8 36. Bxh7 a4 37. Bd3 Nb6 38. Bc2 Nd7 39. Ba3
Nb6 40. Bc5 Nd5 41. g3 Nc3 42. b6 a3 43. Bxa3 Bxb6 44. Kg2 Nd5 45. Bb3 Ne7 46.
f4 Bd4 47. g4 Ng6 48. f5 Nf4+ 49. Kg3 Be5 50. fxe6+ Nxe6+ 51. Kf3 Kf6 52. Bxe6
Kxe6 53. h4 Kf7 54. Ke4 Bc3 55. Kf5 Kg7 56. g5 Kh7 57. h5 Bg7 58. Be7 Kg8 59.
Kg6 Be5 60. Bf6 1-0

[Event "Dimitrovgrad Chmp. 2024 open"]
[Site "Dimitrovgrad"]
[Date "2023.04.07"]
[Round "6"]
[White "Rudnev, Yuri"]
[Black "Lazytin, Valeriy"]
[Result "0-1"]
[WhiteElo "1901"]
[BlackElo "1870"]
[PlyCount "70"]

1. e4 c6 2. d4 d5 3. e5 Bf5 4. h4 Qb6 5. Nc3 h6 6. Nf3 e6 7. Bd3 Bxd3 8. Qxd3
Qa6 9. Qxa6 Nxa6 10. Be3 Bb4 11. Ke2 Ne7 12. Nd1 c5 13. c3 cxd4 14. cxd4 Rc8
15. a3 Ba5 16. b4 Bb6 17. Kd3 O-O 18. Nc3 Nf5 19. Na4 Nxe3 20. fxe3 Rc7 21. Nd2
f6 22. exf6 gxf6 23. Nb3 Rg7 24. b5 Nc7 25. Nxb6 axb6 26. a4 e5 27. Rhc1 e4+
28. Kc3 f5 29. Kb4 f4 30. exf4 Rxf4 31. a5 bxa5+ 32. Kxa5 e3 33. g3 Rf2 34. Kb6
e2 35. Nc5 Rf6+ 0-1

[Event "Dimitrovgrad Chmp. 2024 open"]
[Site "Dimitrovgrad"]
[Date "2023.04.07"]
[Round "6"]
[White "Guliev, Fahraddin"]
[Black "Kiselev, Artem"]
[Result "1/2-1/2"]
[WhiteElo "1807"]
[BlackElo "1476"]
[PlyCount "61"]

1. e4 c5 2. Bc4 d6 3. Nc3 Nf6 4. Nf3 a6 5. a4 e6 6. O-O Be7 7. d4 cxd4 8. Nxd4
O-O 9. h3 b6 10. Be3 Qc7 11. Bb3 Nc6 12. f3 Bb7 13. Nxc6 Qxc6 14. Ne2 e5 15.
Nc3 Rad8 16. Nd5 Nxd5 17. Bxd5 Qc7 18. c4 Rb8 19. Qb3 Bc8 20. Rfc1 Kh8 21. Qc2
f5 22. b4 f4 23. Bf2 Rf6 24. Kh2 Be6 25. c5 bxc5 26. bxc5 dxc5 27. Rab1 Rxb1
28. Rxb1 Bxd5 29. exd5 Rd6 30. Qxc5 Bd8 31. Qb4 1/2-1/2

[Event "Dimitrovgrad Chmp. 2024 open"]
[Site "Dimitrovgrad"]
[Date "2023.04.07"]
[Round "6"]
[White "Volgarev, Denis"]
[Black "Shaykin, Andrey"]
[Result "0-1"]
[WhiteElo "1930"]
[BlackElo "1446"]
[PlyCount "116"]

1. d4 d5 2. c4 c6 3. Nf3 Nf6 4. g3 Bf5 5. Nc3 e6 6. Qb3 Qb6 7. c5 Qxb3 8. axb3
Ne4 9. Na4 Nd7 10. Nh4 Bg6 11. Nxg6 hxg6 12. Bg2 Nef6 13. O-O Be7 14. Nc3 O-O
15. e3 b6 16. cxb6 axb6 17. Bd2 c5 18. Nb5 Rfc8 19. Na7 Re8 20. Nc6 Bd6 21. b4
Rec8 22. b5 Rxa1 23. Rxa1 Nb8 24. Ra8 Rf8 25. dxc5 bxc5 26. Ba5 Nfd7 27. e4 d4
28. f4 f6 29. Bf1 e5 30. Bc4+ Kh7 31. fxe5 Nxe5 32. Nxe5 Bxe5 33. b6 Bd6 34. b7
Rh8 35. Bb6 Nc6 36. Rxh8+ Kxh8 37. Bd5 Nb8 38. Kf1 g5 39. Ke2 g6 40. Kd3 Nd7
41. Ba7 Ne5+ 42. Ke2 Nd7 43. Be6 Nb8 44. Kd3 Nc6 45. Bd5 Nxa7 46. Kc4 Kg7 47.
b4 cxb4 48. Kxd4 Nb5+ 49. Kc4 Nc3 50. b8=Q Bxb8 51. Kxb4 Nxd5+ 52. exd5 Kf7 53.
Kc5 Ke7 54. Kc6 Bd6 55. Kb5 Kd7 56. Kc4 Kc7 57. Kd4 Kb6 58. Ke4 Kc5 0-1

[Event "Dimitrovgrad Chmp. 2024 open"]
[Site "Dimitrovgrad"]
[Date "2023.04.07"]
[Round "6"]
[White "Abramov, Gordey P."]
[Black "Tyamanov, Andrey"]
[Result "1-0"]
[WhiteElo "1512"]
[BlackElo "1250"]
[PlyCount "59"]

1. d4 d5 2. c4 c6 3. Nc3 Nf6 4. Nf3 g6 5. g3 Bg7 6. Bg2 Be6 7. cxd5 Bxd5 8. O-O
O-O 9. Bf4 Ne4 10. Qc2 Nxc3 11. bxc3 Nd7 12. c4 Bxf3 13. Bxf3 Bxd4 14. Rab1 Nb6
15. Rfd1 Nd7 16. Rxd4 e5 17. Bxe5 Qe7 18. Bd6 Qf6 19. Bxf8 Qxd4 20. Rd1 Qb6 21.
Bh6 Nf6 22. Qc3 c5 23. Rd7 Re8 24. Rxb7 Qd8 25. Kg2 Re6 26. Bd5 Rxe2 27. Rxf7
Rxf2+ 28. Kxf2 Ng4+ 29. Kg2 Qc8 30. Rf8# 1-0

[Event "Dimitrovgrad Chmp. 2024 open"]
[Site "Dimitrovgrad"]
[Date "2023.04.07"]
[Round "6"]
[White "Predke, Nikolay"]
[Black "Kondyurin, Yakov"]
[Result "0-1"]
[WhiteElo "1150"]
[BlackElo "1000"]
[PlyCount "54"]

1. e4 e5 2. Nf3 d6 3. Nc3 Bg4 4. d3 Bxf3 5. Qxf3 Nc6 6. Be3 Nd4 7. Bxd4 exd4 8.
Nb5 c5 9. O-O-O Qa5 10. Na3 b5 11. e5 Rb8 12. Qc6+ Kd8 13. exd6 Nf6 14. Qxc5
Nd7 15. Qxd4 b4 16. Nc4 Qxa2 17. Re1 b3 18. Ne5 Qa1+ 19. Kd2 Qa5+ 20. c3 Nxe5
21. Rxe5 Rb5 22. Rxb5 Qxb5 23. Qxa7 Bxd6 24. d4 Bf4+ 25. Kd1 Qf5 26. Qa1 Qc2+
27. Ke1 Qd2# 0-1

[Event "Dimitrovgrad Chmp. 2024 open"]
[Site "Dimitrovgrad"]
[Date "2024.04.07"]
[Round "6"]
[White "Merzlyakov, Alexandr"]
[Black "Ataev, Gasan"]
[Result "1/2-1/2"]
[WhiteElo "1000"]
[BlackElo "1055"]
[PlyCount "80"]

1. e4 e5 2. Nf3 Nc6 3. Bc4 Nf6 4. d3 h6 5. O-O Bc5 6. Nc3 d6 7. h3 O-O 8. b3 Nd4 9. Bb2 Be6 10. Bxe6 Nxe6 11. Ne2 Re8 12. Qd2 Nd7 13. d4 exd4 14. Nfxd4 Nf6 15. f3 d5 16. b4 Bb6 17. exd5 Qxd5 18. Kh1 c5 19. bxc5 Bxc5 20. Nb3 Qc6 21. Nxc5 Nxc5 22. Rfe1 Rad8 23. Nd4 Qb6 24. Rxe8+ Rxe8 25. Nb3 Nxb3 26. axb3 a6 27. Rd1 a5 28. Bxf6 Qxf6 29. Qd7 Re2 30. Qxb7 Rxc2 31. Qa8+ Kh7 32. Qxa5 Qg6 33. Rg1 Rb2 34. Qd5 f6 35. Qe4 Rxb3 36. Qxg6+ Kxg6 37. Kh2 Kf5 38. Rf1 g5 39. g3 Rb2+ 40. Kg1 h5 1/2-1/2

[Event "Dimitrovgrad Chmp. 2024 open"]
[Site "Dimitrovgrad"]
[Date "2024.04.13"]
[Round "7"]
[White "Alachihin, Vladimir"]
[Black "Bredihin, Dmitriy"]
[Result "1/2-1/2"]
[WhiteElo "2299"]
[BlackElo "2211"]
[PlyCount "121"]

1. d4 Nf6 2. c4 e6 3. g3 d5 4. Bg2 Bb4+ 5. Bd2 Be7 6. Nc3 O-O 7. Nf3 b6 8. cxd5
exd5 9. O-O Bb7 10. Rc1 a6 11. Qc2 Re8 12. Bf4 Bd6 13. Bxd6 Qxd6 14. Ne5 Nbd7
15. Nc4 dxc4 16. Bxb7 Ra7 17. Bf3 Qxd4 18. Rfd1 Qe5 19. Nd5 Nxd5 20. Rxd5 Qe6
21. Qxc4 Ne5 22. Qe4 c6 23. Rd2 Rae7 24. Bg2 c5 25. f4 Ng4 26. Qxe6 Rxe6 27. e4
f6 28. Bf3 Nh6 29. Rd7 Nf7 30. Rcd1 Kf8 31. Kf2 R8e7 32. Ke3 Ke8 33. R7d5 g6
34. Bg2 Nh6 35. Rd8+ Kf7 36. Kf2 Re8 37. h3 Rxd8 38. Rxd8 Re8 39. Rd5 Ke7 40.
Bf1 Nf7 41. Bxa6 Ra8 42. Bb5 Nd6 43. a4 Nxb5 44. axb5 Ra5 45. Rd2 Rxb5 46. h4
h5 47. Re2 Kd6 48. Rd2+ Ke6 49. g4 Rb3 50. f5+ gxf5 51. exf5+ Ke5 52. gxh5 Rh3
53. Rd8 Rxh4 54. Rb8 Kxf5 55. Rxb6 Rxh5 56. b4 cxb4 57. Rxb4 Rh3 58. Ra4 Rc3
59. Rb4 Kg5 60. Ra4 f5 61. Rb4 1/2-1/2

[Event "Dimitrovgrad Chmp. 2024 open"]
[Site "Dimitrovgrad"]
[Date "2024.04.13"]
[Round "7"]
[White "Beldyugin, Alexey"]
[Black "Zaletov, Yuri"]
[Result "1-0"]
[WhiteElo "2143"]
[BlackElo "2119"]
[PlyCount "77"]

1. c4 e5 2. g3 Nf6 3. Bg2 c6 4. d4 exd4 5. Qxd4 d5 6. Nf3 Be7 7. cxd5 cxd5 8.
O-O Nc6 9. Qa4 O-O 10. Nc3 Qb6 11. Qb5 Qxb5 12. Nxb5 Bg4 13. Rd1 Bc5 14. h3 Bh5
15. g4 Bg6 16. Bf4 a6 17. Nd6 Ne4 18. Nxe4 Bxe4 19. Rac1 Bb6 20. Bd6 Rfe8 21.
Bc5 Bxc5 22. Rxc5 Rad8 23. e3 g6 24. Nd4 Bxg2 25. Kxg2 Ne5 26. b3 Rd6 27. Ne2
Rc6 28. Rdxd5 Rxc5 29. Rxc5 Nc6 30. Rd5 Rc8 31. Rd7 b5 32. Rd6 a5 33. Rd5 Nb4
34. Rd2 a4 35. Nd4 Rc5 36. a3 Na6 37. b4 Rd5 38. Rc2 h5 39. Rc6 1-0

[Event "Dimitrovgrad Chmp. 2024 open"]
[Site "Dimitrovgrad"]
[Date "2024.04.13"]
[Round "7"]
[White "Lazutin, Valeriy"]
[Black "Akimov, Gennadiy"]
[Result "1-0"]
[WhiteElo "1870"]
[BlackElo "1923"]
[PlyCount "85"]

1. c4 e6 2. Nc3 Nf6 3. g3 d5 4. cxd5 exd5 5. d4 c6 6. Bg2 Bd6 7. Nf3 O-O 8. O-O
h6 9. Qb3 Re8 10. e3 Nbd7 11. Bd2 Nf8 12. Rac1 Ng6 13. Na4 Ne4 14. Bb4 b5 15.
Nc3 Bxb4 16. Qxb4 a5 17. Qb3 Nd6 18. Nb1 Bd7 19. Nbd2 Rc8 20. Qd1 Bg4 21. Qc2
Qf6 22. b3 h5 23. h4 Bf5 24. Qd1 Ne4 25. Nxe4 Bxe4 26. Ng5 Nf8 27. Nxe4 dxe4
28. Qxh5 g6 29. Qg4 Qf5 30. Qxf5 gxf5 31. Rc5 f4 32. Rfc1 fxe3 33. fxe3 Ne6 34.
Rxc6 Rb8 35. Bh3 Ng7 36. d5 f5 37. d6 Kf7 38. d7 Red8 39. Rc8 Ne6 40. Rxb8 Rxb8
41. Rc8 Rb7 42. d8=Q Nxd8 43. Rxd8 1-0

[Event "Dimitrovgrad Chmp. 2024 open"]
[Site "Dimitrovgrad"]
[Date "2024.04.13"]
[Round "7"]
[White "Kiselev, Artem"]
[Black "Rudnev, Yuri"]
[Result "0-1"]
[WhiteElo "1901"]
[BlackElo "1476"]
[PlyCount "52"]

1. c4 c6 2. g3 d5 3. cxd5 cxd5 4. Bg2 Nc6 5. d4 Nf6 6. Nc3 Bf5 7. e3 e6 8. a3
Be7 9. Nge2 O-O 10. O-O Na5 11. b3 Rc8 12. b4 Nc4 13. Nf4 Nxe3 14. fxe3 Rxc3
15. Bd2 Rc4 16. Rc1 Rxc1 17. Qxc1 Qd7 18. Qb2 Be4 19. Bxe4 Nxe4 20. Nd3 Qb5 21.
Ne5 f6 22. Nf3 Qd3 23. Bc1 Rc8 24. Nh4 Rc2 25. Qa1 Qe2 26. Nf3 Qg2# 0-1

[Event "Dimitrovgrad Chmp. 2024 open"]
[Site "Dimitrovgrad"]
[Date "2024.04.13"]
[Round "7"]
[White "Shaykin, Andrey"]
[Black "Abramov, Gordey"]
[Result "1/2-1/2"]
[WhiteElo "1446"]
[BlackElo "1512"]
[PlyCount "121"]

1. Nf3 c5 2. g3 Nf6 3. c3 Nc6 4. d4 cxd4 5. Nxd4 g6 6. Bg2 Bg7 7. Nxc6 bxc6 8.
Nd2 O-O 9. O-O Rb8 10. Ne4 Qb6 11. Rb1 Nxe4 12. Bxe4 d5 13. Be3 Qb7 14. Bg2 Bf5
15. Rc1 Qxb2 16. Bxa7 Ra8 17. Bc5 Rxa2 18. c4 Rd8 19. cxd5 cxd5 20. Bxe7 Re8
21. Bc5 Bc3 22. Bxd5 Ra5 23. e4 Bxe4 24. Bxe4 Rxc5 25. Bg2 Rce5 26. Qd3 Bd4 27.
Rc2 Qb6 28. Rc6 Bxf2+ 29. Kh1 Qa7 30. Ra6 Qc5 31. Rc6 Qe3 32. Qxe3 Bxe3 33.
Rcf6 R8e7 34. Bc6 Bg5 35. R6f2 Rc5 36. Ba4 Rc3 37. Rf3 Rxf3 38. Rxf3 Kg7 39.
Bb3 f6 40. Kg2 Be3 41. Rf1 Bb6 42. Rd1 Bc5 43. Rd5 Rb7 44. Ba4 Rb2+ 45. Kh1 Be7
46. Rb5 Re2 47. Bb3 g5 48. Bc4 Re5 49. Rxe5 fxe5 50. Kg2 e4 51. Bd5 e3 52. Kf3
Bc5 53. h3 h5 54. Bc4 Kf6 55. Bd3 Ke5 56. g4 h4 57. Ba6 Kd4 58. Bb5 Kc3 59. Ke2
Kb4 60. Ba6 Kc3 61. Bb5 1/2-1/2

[Event "Dimitrovgrad Chmp. 2024 open"]
[Site "Dimitrovgrad"]
[Date "2024.04.13"]
[Round "7"]
[White "Kondyurin, Yakov"]
[Black "Volgarev, Denis"]
[Result "0-1"]
[WhiteElo "1000"]
[BlackElo "1930"]
[PlyCount "68"]

1. e4 e6 2. d4 d5 3. e5 c5 4. Bb5+ Bd7 5. a4 Ne7 6. Nf3 Nbc6 7. Bxc6 Nxc6 8.
Bg5 Qb6 9. Nbd2 cxd4 10. O-O Na5 11. Nb3 Nxb3 12. cxb3 Bc5 13. Qd3 O-O 14. h4
Rac8 15. h5 Rfe8 16. h6 g6 17. Bf6 Qb4 18. Ng5 Rc7 19. Qf3 Bc6 20. Bg7 Bf8 21.
Rac1 Bxg7 22. hxg7 Kxg7 23. Qf6+ Kg8 24. Rfd1 Qe7 25. Qf4 Kg7 26. Rd3 h6 27.
Qh2 Qxg5 28. f4 Qf5 29. Rg3 Rec8 30. Rh3 h5 31. Rg3 Bd7 32. Rf1 Rc1 33. Rg5
Rxf1+ 34. Kxf1 Qd3+ 0-1

[Event "Dimitrovgrad Chmp. 2024 open"]
[Site "Dimitrovgrad"]
[Date "2024.04.13"]
[Round "7"]
[White "Tyamanov, Andrey"]
[Black "Merzlyakov, Alexandr"]
[Result "1/2-1/2"]
[WhiteElo "1150"]
[BlackElo "1000"]
[PlyCount "67"]

1. e4 e5 2. Nf3 Nc6 3. d4 exd4 4. Nxd4 d6 5. Nxc6 bxc6 6. Bc4 Nf6 7. Bg5 Be7 8.
Bxf6 Bxf6 9. Nc3 O-O 10. Qh5 Be6 11. Bd3 g6 12. Qf3 Rb8 13. e5 Bxe5 14. Qxc6
Rxb2 15. O-O-O Bxc3 16. Qxc3 Rxa2 17. Rhe1 Qg5+ 18. Kb1 Qxg2 19. Rxe6 Rxc2 20.
Rxg6+ hxg6 21. Qxc2 Qxh2 22. Qxc7 Qxf2 23. Qxd6 Rc8 24. Bxg6 Qb6+ 25. Qxb6 axb6
26. Bxf7+ Kxf7 27. Rd7+ Ke6 28. Rb7 Rc6 29. Kb2 Kd6 30. Kb3 Kc5 31. Ka4 Rd6 32.
Rc7+ Rc6 33. Rxc6+ Kxc6 34. Kb4 1/2-1/2

[Event "Dimitrovgrad Chmp. 2024 open"]
[Site "Dimitrovgrad"]
[Date "2024.04.13"]
[Round "7"]
[White "Ataev, Gasan"]
[Black "Predke, Nikolay"]
[Result "1-0"]
[WhiteElo "1055"]
[BlackElo "1150"]
[PlyCount "61"]

1. e4 e5 2. Nf3 Nc6 3. Bc4 Bc5 4. d3 Nf6 5. Bg5 d6 6. h3 O-O 7. O-O h6 8. Bh4
Re8 9. Nc3 Be6 10. Bd5 Bxd5 11. Nxd5 Kf8 12. Qd2 Re6 13. c3 Ke8 14. a4 a5 15.
Rfe1 Kd7 16. Rab1 Kc8 17. b4 axb4 18. cxb4 Bd4 19. a5 g5 20. Bg3 Nh5 21. Rbc1
Nxg3 22. Nxd4 Nxd4 23. fxg3 Kb8 24. Nxc7 Qxc7 25. Rxc7 Kxc7 26. Kh2 Kd7 27. Qf2
Ke7 28. Rc1 Rf6 29. Rc7+ Ke6 30. Qa2+ d5 31. Qxd5# 1-0